| 000 | 00358cam a2200145ua 4500 | ||
|---|---|---|---|
| 041 |
_aeng _h |
||
| 082 |
_a294.582 _bMAC/HI |
||
| 100 | _aMacnicol, Nicol . | ||
| 245 |
_aHindu scriptures / _cNicol Macnicol. _hTextual Documents |
||
| 260 |
_aNewyork : _bEveryman`s library , _c1963. |
||
| 300 | _a293 ; . | ||
| 504 | _a | ||
| 942 | _cBK | ||
| 999 |
_c1630 _d1630 |
||